Estados costeras de México - ¡Muerte súbita! - Estadísticas

Estadísticas generales
  • Esta prueba ha sido intentada 40 veces
  • La puntuación promedio es 13 de 17
Answers on the Grid
Answers color-coded by a green-red scale on the quiz's grid according to % correct below.
Aguascalientes
Baja California
Baja California Sur
Campeche
Chiapas
Chihuahua
Ciudad de México
Coahuila
Colima
Durango
Guanajuato
Guerrero
Hidalgo
Jalisco
(Estado de) México
Michoacán
Morelos
Nayarit
Nuevo León
Oaxaca
Puebla
Querétaro
Quintana Roo
San Luis Potosí
Sinaloa
Sonora
Tabasco
Tamaulipas
Tlaxcala
Veracruz
Yucatán
Zacatecas
 
Estadísticas de respuestas
Respuesta % Correcto
Baja California
100%
Baja California Sur
95%
Campeche
86%
Chiapas
77%
Guerrero
77%
Jalisco
77%
Quintana Roo
77%
Veracruz
77%
Yucatán
77%
Michoacán
73%
Oaxaca
73%
Sinaloa
73%
Colima
68%
Nayarit
68%
Sonora
68%
Tamaulipas
68%
Tabasco
64%
No se encontraron pruebas coincidentes
Distribución de puntuación
Porcentaje de gente con cada puntuación
Porcentaje por número respondido
Historial de tus puntuaciones
No has intentado esta prueba.